000 00354nam a2200133Ia 4500
008 220204s9999 xx 000 0 und d
082 _a616-07
_bVAK
100 _aUdwadia, Farokh E
245 0 _aDiagnosis and management of medical emergencies
250 _a2
260 _aLondon
_bOxford University
_c1975
700 _aVakil, Rustom Jal
942 _cBK
999 _c24403
_d24403